Diseño digital

Gardado en:
Detalles Bibliográficos
Autor Principal: Marcovitz, Alan B. (autor)
Formato: Libro
Idioma:Lingua castelá
Publicado: Ciudad de México McGraw-Hill 2005
Edición:1a. ed
Subjects:
Tags: Engadir etiqueta
Sen Etiquetas, Sexa o primeiro en etiquetar este rexistro!

MARC

LEADER 00000nam a2200000 a 4500
001 UCK5770
003 CL-VaPUC
008 050826e20050000MX |||||||||||||||||spa|d
020 |a 970105072X 
082 0 4 |a 621.381  |b MAR  |2 21 
100 |a Marcovitz, Alan B.  |e autor  |9 494693 
245 1 0 |a Diseño digital 
250 |a 1a. ed 
300 |a 677 p 
942 |c BK 
945 |d 20050826 00:00:00  |a cmena 
260 |a Ciudad de México  |b McGraw-Hill  |c 2005 
500 |a Incluye Cd-Rom 
650 0 |a Circuitos lógicos   |9 263161 
650 0 |a Circuitos electrónicos  |9 260204 
650 0 |a Diseño lógico  |9 262464 
650 0 |a Electrónica digital   |9 263160 
583 |a last modification  |c 20050826 00:00:00  |k Rodrigo Vera 
999 |c 314233  |d 314231 
952 |0 0  |1 0  |2 ddc  |4 0  |6 621_381000000000000_MAR_2005  |7 0  |8 A  |9 386274  |a BIBING  |b BIBING  |c RES  |d 2019-11-22  |i 4158466  |o 621.381 MAR 2005  |p 4158466  |r 2025-01-20  |w 2019-11-22  |y BK  |k EIE